Disney Animated Movies: The Bronze Era - Statistics

General Stats
  • This quiz has been taken 75 times
  • The average score is 7 of 8
Answer Stats
Year Film % Correct
1973 Robin Hood
89%
1985 The Black Cauldron
89%
1977 The Rescuers
89%
1988 Oliver & Company
83%
1981 The Fox and the Hound
83%
1970 The Aristocats
81%
1986 The Great Mouse Detective
75%
1977 The Many Adventures of Winnie the Pooh
67%
No matching quizzes found
Score Distribution
Percent of People with Each Score
Percentile by Number Answered
Your Score History
You have not taken this quiz